000 00436nab a2200145Ia 4500
003 ES-SlBCS
005 20210601124006.0
008 140529s1997 xxu||||| |||| 00| 0 eng d
041 _aeng
100 1 _aBrown, Deborah
_9133129
245 0 0 _aAnalyticity: An Ockhamist Approach
_c Deborah Brown
650 0 4 _aOckamismo
_9133130
773 0 _tAmerican Philosophical Quarterly
_gvol. 34, nº. 4, 1997, págs. 441-456
_wRev1386
942 _cAR
999 _c507419
_d507419